LDR 00733naa#a2200193#i#450# 001 EN\\bibl\104830 005 20260430094453.4 011 ## _a2071-7318 100 ## _a20260409b2026####ek#y0engy0150####ca 102 ## _aRU 200 1# _aAUTOMATED SELECTION OF ELECTROPLATING INSTALLATION ELEMENTS FOR BULK PARTS _eJournal article 210 1# _aBelgorod _cBelgorod State Technological University named after V.G. Shukhov _d2026 215 ## _a8 с. 608 ## _aJournal article _2local 675 ## _aиз унифицированных, стандартных деталей, включая аварийные разъединения. 62-182.77 _z 700 #1 _aMatrokhin _gM. A. 700 #1 _aNemtinov _gV. A. 700 #1 _aAlekseev _gV. V. 856 4# _anaukaru.ru _u